000 00369pab a2200145 454500
008 180718b1985 xxu||||| |||| 00| 0 eng d
100 _aVaggi, Gianni
245 _aA physiocratic model of relative prices and income distribution
260 _c1985
300 _a928-47
362 _aDec.
650 _aIncome Distribution
773 _aEconomic Jr.
909 _a10273
999 _c10273
_d10273